000 00492 a2200169 4500
999 _c6443
_d6443
020 _a0131664700 :
_a013166462X
050 0 0 _aQH541 KOR 1976
100 1 _aKormondy, Edward John,
_d1926-
245 1 0 _aConcepts of ecology /
_cEdward J. Kormondy.
250 _a2d ed.
264 _aNew Jersey:
_bPrentice-Hall,
_c1976
300 _axiv, 238 p. :
_bill. ;
500 _aIncludes index
504 _aIncludes bibliographies and index.
650 0 _aEcology.
942 _2lcc
_cBK
_e2nd
_h541
_iKOR
_kQH